First Name of Australian Prime Ministers - Statistics

General Stats
  • This quiz has been taken 21 times
  • The average score is 27 of 37
Answer Stats
# First Name % Correct
3 John (Chris)
100%
18 John I
100%
23 John II
100%
24 John III
100%
27 John IV (Malcolm I)
100%
30 John V
100%
16 Robert I
94%
21 Robert I
94%
28 Robert II (Bob)
94%
37 Anthony II
89%
34 Anthony I (Tony)
89%
32 Julia
83%
31 Kevin
83%
33 Kevin
83%
35 Malcom II
83%
29 Paul
83%
36 Scott
83%
26 Edward (Gough)
78%
13 James
78%
11 William I (Billy)
78%
25 William II
78%
22 Harold
72%
17 Arthur
67%
1 Edmund
67%
20 Joseph (Ben)
61%
6 Andrew
56%
8 Andrew
56%
10 Andrew
56%
19 Francis (Frank)
56%
9 Joseph
56%
14 Joseph
56%
12 Stanley
56%
4 George
44%
2 Alfred
39%
5 Alfred
39%
7 Alfred
39%
15 Earle
33%
No matching quizzes found
Score Distribution
Percent of People with Each Score
Percentile by Number Answered
Your Score History
You have not taken this quiz